000 00359cam a2200145ua 4500
041 _aeng
_h
082 _a828.09
_bMUI/ES
100 _aMuir, Edwin .
245 _aEssays on citeratune and society /
_cEdwin muir.
_hTextual Documents
260 _aLondon :
_bHogarth press ,
_c1965.
300 _a240 ; .
504 _a
942 _cBK
999 _c3708
_d3708